Szczegóły MARC21

Ekonomiczne i pozaekonomiczne czynniki zarządzania wartością przedsiębiorstwa /

003 -Nazwa inst., której nr kontr. jest w polu 001 [,]
    • @
    • Nazwa instytucji, której n kontrolny jest w polu 001
    • NUKAT
005 -DATA I CZAS OSTATNIEJ MODYFIKACJI [,]
    • @
    • pole kontrolne
    • 20241231110951.0
020 -Międzynarod. znormalizowany nr książki - ISBN [ , ]
    • a
    • Numer ISBN
    • 9788375258660 Find
040 -Instytucja sporządzająca opis [ , ]
    • a
    • Instytucja, która sporządziła opis (NP)
    • KR U/GK
    • c
    • Instytucja, która sporządziła rekord (NP)
    • KR U/GK
    • d
    • Instytucja, która zmodyfikowała rekord (P)
    • KR U/ES
    • d
    • Instytucja, która zmodyfikowała rekord (P)
    • KR U/KNs
    • d
    • Instytucja, która zmodyfikowała rekord (P)
    • TOR U/WS
041 -Język dokumentu [0, ]
    • a
    • Język tekstu (P)
    • polski
    • b
    • Język streszczeń lub abstraktu (P)
    • angielski
942 -Rodzaj dokumentu [ , ]
    • c
    • Rodzaj dokumentu
    • Książka
245 -Strefa tytułu i oznaczenia odpowiedzialności [0,0]
    • a
    • Tytuł
    • Ekonomiczne i pozaekonomiczne czynniki zarządzania wartością przedsiębiorstwa / Find
    • c
    • Pozostałe elementy strefy tytułu i oznaczenia odpowiedzialności (NP)
    • pod red. Jana Duraja i Artura Sajnoga.
260 -Strefa adresu wydawniczego [ , ]
    • a
    • Miejsce wydania (P)
    • Łódź :
    • b
    • Nazwa wydawcy (P)
    • Wydawnictwo Uniwersytetu Łódzkiego,
    • c
    • Data wydania (P)
    • 2013.
300 -Strefa opisu fizycznego [ , ]
    • a
    • Określenie formy książki i/lub objętość (NP)
    • [2], 364, [1] s. :
    • b
    • Oznaczenie ilustracji (NP)
    • il. ;
    • c
    • Format (NP)
    • 24 cm.
336 -Typ zawartości [ , ]
    • a
    • Termin opisujący typ zawartości
    • Tekst
    • b
    • Kod określający zawartość
    • txt
    • 2
    • Źródło (terminu i kodu)
    • rdacontent
337 -Typ mediów [ , ]
    • a
    • Tryb odtwarzania
    • Bez urządzenia pośredniczącego
    • b
    • Kod typu mediów
    • n
    • 2
    • Źródło (terminu i kodu)
    • rdamedia
338 -Typ/rodzaj nośnika [ , ]
    • a
    • Hasło opisujące typ nośnika
    • Wolumin
    • b
    • Kod typu nośnika
    • nc
    • 2
    • Źródło (terminu i kodu)
    • rdacarrier
504 -Uwaga dot. bibliogr. załącznikowej [ , ]
    • a
    • Uwaga dot. bibliografii załącznikowej
    • Bibliogr. przy rozdz.
530 -Uwaga dot. innej postaci fizycznej dokumentu [ , ]
    • a
    • Uwaga dot. innej postaci fizycznej dokumentu
    • Dostępne również w postaci elektronicznej.
546 -Uwaga dot. języka [ , ]
    • a
    • Uwaga dot. języka
    • Streszcz. ang. przy rozdz.
650 -Hasło przedmiotowe [ ,7]
    • a
    • Hasło przedmiotowe
    • Zarządzanie przedsiębiorstwem.
    • 2
    • Źródło terminu
    • kaba
    • 9
    • KHW
    • 137518
650 -Hasło przedmiotowe [ ,7]
    • a
    • Hasło przedmiotowe
    • Przedsiębiorstwa
    • x
    • Określnik rzeczowy
    • ocena.
    • 2
    • Źródło terminu
    • kaba
    • 9
    • KHW
    • 126392
700 -Hasło dodatkowe - nazwa osobowa [1, ]
    • a
    • Nazwa osobowa (NP)
    • Duraj, Jan Find
    • d
    • Daty biograficzne (NP)
    • (1943- ).
    • e
    • Określenie rodzaju współpracy
    • Red.
    • 9
    • KHW
    • 46050
700 -Hasło dodatkowe - nazwa osobowa [1, ]
    • a
    • Nazwa osobowa (NP)
    • Sajnóg, Artur. Find
    • e
    • Określenie rodzaju współpracy
    • Red.
    • 9
    • KHW
    • 405519
710 -Hasło dodatkowe - nazwa ciała zbiorowego [2, ]
    • a
    • Nazwa ciała zbiorowego lub nazwa geograficzna jako pierwszy element (NP)
    • Uniwersytet Łódzki.
    • b
    • Nazwa jednostki podrzędnej (P)
    • Wydawnictwo.
    • 4
    • Kod relacji
    • pbl
    • 9
    • KHW
    • 52189
856 -Dostęp do wersji elektronicznej [4,1]
    • z
    • Uwaga
    • Otwarty Dostęp
920 -ISBN [ , ]
    • a
    • ISBN
    • 978-83-7525-866-0 Find
Data inwentaryzacji Lokalizacja Numer inwentarzowy Status udost.
2023-03-28BES.98161-2